LEADER 01004cam0-22003131i-450- 001 990003492780403321 005 20051206105514.0 035 $a000349278 035 $aFED01000349278 035 $a(Aleph)000349278FED01 035 $a000349278 100 $a20030910d1927----km-y0itay50------ba 101 0 $afre 102 $aFR 105 $ay---n---001yy 200 1 $aHistoire de la classe ouvrière en France de la révolution à nos jours$ela condition matérielle des travailleurs, les salaires et le coût de la vie$fPaul Louis 210 $aParis$cM. Rivière$d1927 215 $a412 p.$d21 cm 676 $a944$v12 rid.$zita 700 1$aLouis,$bPaul$f<1872-1955>$0134791 801 0$aIT$bUNINA$gRICA$2UNIMARC 901 $aBK 912 $a990003492780403321 952 $aSE 014.05.024-$b5236$fDECSE 952 $aVII F 139$b16465$fFGBC 959 $aFGBC 959 $aDECSE 996 $aHistoire de la classe ouvrière en France de la révolution à nos jours$9496679 997 $aUNINA LEADER 03959 am 22007573u 450 001 996359646803316 005 20221206175351.0 010 $a0-520-30080-7 024 7 $a10.1525/9780520972032 035 $a(CKB)4100000010105995 035 $a(DE-B1597)544969 035 $a(OCoLC)1075552532 035 $a(DE-B1597)9780520972032 035 $a(ScCtBLL)9fbc9060-aa4b-4db3-9015-3fb8f1d2d7c5 035 $aEBL6984146 035 $a(AU-PeEL)EBL6984146 035 $a(EXLCZ)994100000010105995 100 $a20200127h20192019 uy| 0 101 0 $aeng 135 $aurc|#---||||| 181 $ctxt$2rdacontent 182 $cc$2rdamedia 183 $acr$2rdacarrier 200 10$aMusic of a thousand years $ea new history of Persian musical traditions /$fAnn E. Lucas 210 1$aOakland, California :$cUniversity of California Press,$d[2019] 210 4$d©2019 215 $a1 online resource (xvii, 265 pages) $cillustrations, maps, plates; digital file(s) 225 1 $aJoan Palevsky imprint in classical literature 300 $aDescription based upon print version of record. 311 $a0-520-97203-1 320 $aIncludes bibliographical references and index. 327 $tFrontmatter -- $tContents -- $tList of Illustrations -- $tList of Maps -- $tList of Tables -- $tAcknowledgments -- $tA Note about Transliteration -- $t1. Ancient Music, Modern Myth -- $tPart One: Culture of Maqam -- $t2. Musical Empires -- $t3. Musical Structure: Cosmology and the Universal Order, c. 1100-1800 -- $t4. Music and Morality: Listening to Dangers Inherent in the Cosmos -- $t5. The Politics of Song: Music for Kings, Music for Empire, c. 1400-1722 -- $tPart Two: The Culture of Dastgah -- $t6. Musical Structure, Musical Nation, c. 1800-1950 -- $t7. The Nation's Music: Discovering and Recovering the Dastgah -- $t8. Music and Morality: The Recovery of a Nation, c. 1880-1940 -- $t9. Singing the Nation: Words of the People, Music for Iran -- $t10. History, Agency, and the Power of Music -- $tNotes -- $tDiscography -- $tReference List -- $tIndex 330 $a"Iran?s particular system of traditional Persian art music has been long treated as the product of an ever-evolving, ancient Persian culture. In Music of a Thousand Years, Ann E. Lucas argues that this music is a modern phenomenon indelibly tied to changing notions of Iran?s national history. Rather than considering a single Persian music history, Lucas demonstrates cultural dissimilarity and discontinuity over time, bringing to light two different notions of music-making in relation to premodern and modern musical norms. An important corrective to the history of Persian music, Music of a Thousand Years is the first work to align understandings of Middle Eastern music history with current understandings of the region?s political history." --Back cover. 410 0$aJoan Palevsky imprint in classical literature. 606 $aMusic$zIran$xHistory and criticism 606 $aMaqa?m 606 $aDastga?h 610 $aancient persian culture. 610 $achanging notions. 610 $acultural dissimilarity. 610 $adiscontinuity. 610 $aentertainment. 610 $aethnomusicology. 610 $ahistorical analysis. 610 $airan history. 610 $airan. 610 $amiddle eastern music. 610 $amodern musical norms. 610 $amodern phenomenon. 610 $amusic making. 610 $amusic. 610 $anational history. 610 $apersian art music. 610 $apersian music history. 610 $apolitical history. 610 $apremodern. 615 0$aMusic$xHistory and criticism. 615 0$aMaqa?m. 615 0$aDastga?h. 676 $a780.955 700 $aLucas$b Ann E.$f1978-$0894946 801 2$bUkMaJRU 906 $aBOOK 912 $a996359646803316 996 $aMusic of a thousand years$91999524 997 $aUNISA